La inteligencia artificial y el fin del arte /
Ensayo de estética, formulado sobre el telón de fondo del "arte" programado con base la inteligencia artificial generativa, referente que la autora emplea para enfocar asuntos centrales del campo como la autoría y responsabilidad, la experiencia, la falsificación y el turuo mismo del arte.
Spremljeno u:
| Glavni autor: | |
|---|---|
| Daljnji autori: | |
| Format: | Knjiga |
| Jezik: | španjolski |
| Izdano: |
Barcelona, España :
Herder,
2025, c2025
|
| Serija: | (Salto de Fondo)
|
| Teme: | |
| Oznake: |
Bez oznaka, Budi prvi tko označuje ovaj zapis!
|
MARC
| LEADER | 00000nam^a2200000^a^4500 | ||
|---|---|---|---|
| 001 | 000626332 | ||
| 005 | 20260109000000.0 | ||
| 009 | 20260310134033.45 | ||
| 020 | |a 978-84-254-5220-8 | ||
| 037 | |a Acervo ITESO - Biblioteca | ||
| 041 | |a ESP | ||
| 082 | |a 701. 05 |b MIS | ||
| 100 | |a Misselhorn, Catrin |e (autor) | ||
| 245 | 1 | 3 | |a La inteligencia artificial y el fin del arte / |c C. Misselhorn ; tr. de A. Ciria. |
| 264 | 4 | |a Barcelona, España : |b Herder, |c 2025, c2025 | |
| 300 | |a 173 p. | ||
| 336 | |a texto |b txt |2 rdacontenido | ||
| 337 | |a sin mediación |b n |2 rdamedio | ||
| 338 | |a volumen |b nc |2 rdasoporte | ||
| 440 | 1 | |a (Salto de Fondo) | |
| 500 | |a Traducción de: Künstliche Intelligenz -das Ende der Kunst? | ||
| 521 | |a FIL 2025 DIA | ||
| 520 | |a Ensayo de estética, formulado sobre el telón de fondo del "arte" programado con base la inteligencia artificial generativa, referente que la autora emplea para enfocar asuntos centrales del campo como la autoría y responsabilidad, la experiencia, la falsificación y el turuo mismo del arte. | ||
| 649 | |a XX | ||
| 650 | |a Inteligencia Artificial - |x Aspectos Sociales y Culturales - |x Tema Principal | ||
| 650 | |a Autoría (Atribución) | ||
| 650 | |a Responsabilidad | ||
| 650 | |a Falsificación y Plagio (Creación) | ||
| 650 | |a Creación (Literaria, Artística, etc.) | ||
| 650 | |a Arte y Tecnologías de Comunicación e Información - |x Tema Principal | ||
| 650 | |a Arte - |x Aspectos Tecnológicos | ||
| 650 | |a Estética - |x Tema Principal | ||
| 700 | |a Ciria, Alberto, |d 1967- |e (traducción) | ||
| 910 | |a Fondo General | ||
| 920 | |a Impresos - Libros | ||
| 930 | |a Colección General | ||
| 905 | |a 101 | ||
| 901 | |a 626332-10 |b IT1 |c ACC |i C191678 |u 20260109 | ||
| 902 | |a https://opac.biblio.iteso.mx/vufind/Record/000626332 | ||